| 000 | 01328cam a2200337 i 4500 | ||
|---|---|---|---|
| 001 | 52734 | ||
| 003 | Mx-PuUPA | ||
| 005 | 20250115152852.0 | ||
| 008 | 140415s2012 mx d r 000 0 spa d | ||
| 020 | _a9786071507259 | ||
| 040 |
_aMX-PuUPA _bspa _erda _cMx-PuUPA _dMx-PuUPA |
||
| 041 | 0 | _aspa | |
| 100 | 1 |
_aGutiérrez Pulido, Humberto, _d1964- _eautor _97108 |
|
| 245 | 1 | 0 |
_aAnálisis y diseño de experimentos / _cHumberto Gutiérrez Pulido, Román de la Vara Salazar. |
| 250 | _aTercera edición | ||
| 264 | 4 |
_aMéxico, D.F. : _bMcGraw-Hill /Interamericana Editores, _c2012 |
|
| 300 |
_axii, 489 páginas : _bgráficas, tablas ; _c27 cm. |
||
| 336 |
_atexto _2rdacontent _btxt |
||
| 337 |
_asin medio _2rdamedia _bn |
||
| 338 |
_avolumen _2rdacarrier _bnc |
||
| 650 | 7 |
_aDiseño experimental _2armarc |
|
| 650 | 7 |
_aAnálisis de variación _2armarc |
|
| 700 | 1 |
_aVara Salazar, Román de la, _eautor |
|
| 942 |
_2ddc _cLI _h519.5 _iG983 |
||
| 999 |
_c52734 _d52734 |
||